Tilastot visalle Nippelitieto

Klikkaa tästä pelataksesi tätä visaa!

Yleistilastot

  • Tätä visaa on pelattu 58 kertaa
  • Keskiarvotulos 5 / 15

Vastaustilastot

HintVastaus% Oikein
Mikä maa sijaitsee Sveitsin ja Unkarin välissä?Itävalta
73%
Minkä ikäisenä Adolf Hitler pyrki taidekouluun?
18
69%
Minkä värinen on shiny Charizard Pokemon-peleissä?Musta / harmaa
58%
Missä kaupungissa solmittiin rauhansopimus 2.Maailmansodan jälkeen?Pariisi
54%
Minkä väristä Coca-Cola alunperin on?Vihreää
48%
Kuinka monta maata kuuluu Euro-alueeseen vuonna 2022?19
46%
Minkä Ikäisenä Gösta Sundqvist kuoli?46
44%
Kuinka monta prosenttia on ananasta Hedelmä-Juissi mehussa?1,2
42%
Minä Vuonna Juho Nummela on syntynyt?1994
23%
Mikä oli Lauri Relanderin synnyinnimi?Lars
15%
Missä päin Lappeenrantaa järjestettiin golfin SM-Finaali vuonna 2011?Tuosa
13%
Kuka oli Yölinnun rumpali vuosina 2003-2009?Mikko Taipale
10%
Kenellä on tykätyin Youtube-kommentti?Seth Everman
8%
Missä kaupungissa sijaitsee maailman isoin puutarha?Dubai
6%
Kuka sanoitti tuiki tuiki tähtösen?Jane Taylor
4%

Tulosjakauma

Persentiili vastausten määrän mukaan

Jokaisen tuloksen saaneiden osuus

Tuloshistoriasi

Et ole pelannut tätä visaa